A kényelmetlen Don Quihote. {Despre Caragiale}. [On Ion Luca Caragiale]

Elmentve itt :
Bibliográfiai részletek
Szerző: OBERTEN János
Adatforrás:Meister
Forrásdokumentuma:A Hét. -
2002. 17, 8.
Nyelv:magyar
Kulcsszavak:irodalomtörténet
istoria literaturii
history of literature
CARAGIALE Ion Luca
LEADER 00466nab a2200157 i 4500
001 bibPRO00012467
008 080908s2002 xx hun
040 |a Sz1 
041 |a hun 
100 1 |a OBERTEN János 
245 1 2 |a A kényelmetlen Don Quihote. {Despre Caragiale}. [On Ion Luca Caragiale]  |c OBERTEN János 
695 |a irodalomtörténet 
695 |a istoria literaturii 
695 |a history of literature 
695 |a CARAGIALE Ion Luca 
773 0 |t A Hét. -  |g 2002. 17, 8.